000 00608cam a22001815a 4500
001 L150574
008 100729s2000 xxk f 000 0 eng d
035 _a(Sirsi) u150574
041 0 _aeng
050 0 4 _a0946691818
110 2 _aThe Cocrete Society
245 0 0 _aDiagnosis of deterioration in concrete structures
_bidentification of defects, evaluation and development of remedial action
260 _aBerkshire
_bThe Concrete Society
_c2000.
520 _aInterlibrary loan from ICE
651 4 _aENGLAND AND WALES
856 4 8 _auhttp://194.154.180.3/uhtbin/cgisirsi.exe/0/0/0/1/117/X/
942 _n0
999 _c110912
_d110912